=LDR 00000nam 2200000 4500 =001 INLIS000000000042470 =005 20131008015249 =008 ***********************************ind** =035 ##$$a0010-101300000000392 =041 ##$$a ind =082 ##$$a 613.042 42 =090 ##$$a 613.042 42, Pri t =100 ##$$a Pribakti B =245 ##$$a Tips dan trik merawat organ intim, Panduan praktis kesehatan reproduksi wanita, Pribakti B =260 ##$$a 2010 $b Jakarta =300 ##$$a Viii,140 hlm, Ilus, 21 cm =650 ##$$a WANITA - KESEHATAN =850 ##$$a NBPNMAT =990 ##$$a 21197017/BPAP-NTB/2014